Rozvojové problémy v riadení výroby podniku bakalárska práca

Gespeichert in:
Bibliographische Detailangaben
1. Verfasser: Bóžiková, Evelyn
Körperschaft: Fakulta podnikového manažmentu EU. Katedra manažmentu výroby a logistiky - zrušená
Weitere Verfasser: Rakovská, Júlia, 1972-
Format: Buch
Sprache:Slowakisch
Veröffentlicht: Bratislava 2020
Tags: Tag hinzufügen
Keine Tags, Fügen Sie das erste Tag hinzu!

MARC

LEADER 00000nbm a2200000 4500
001 0266195
005 20201123094005.7
041 0 |a slo 
044 |a SK 
245 1 0 |a Rozvojové problémy v riadení výroby podniku  |b bakalárska práca  |c Evelyn Bóžiková ; školiteľ: Júlia Rakovská 
264 1 |a Bratislava  |c 2020 
300 |a 37 s. 
100 1 |a Bóžiková, Evelyn 
700 1 |a Rakovská, Júlia, 1972- 
710 2 |a Fakulta podnikového manažmentu EU. Katedra manažmentu výroby a logistiky - zrušená